000 00364nam a2200157Ia 4500
001 19066
003 Ost
005 20260507155658.0
008 251113s9999||||xx |||||||||||||| ||eng||
040 _cnitttr
041 _aeng
082 _a620.1
_bK529T
100 _aKhurmi, R. S.
245 2 _aA text book of engineering mechanics /
_cKhurmi, R. S.
942 _cBK
999 _c18901
_d18901